000 004200000a22001690004500
003 MACL
005 20160101124114.0
008 160101b xxu||||| |||| 00| 0 eng d
040 _aMACL
_cMACL
041 _aEnglish
082 _a342.54/COU
100 _aCoupland, R
_926273
245 _aThe Future of India
260 _bOxford University Press
_c1944
_aMadras
650 _aLaw
_926274
942 _cBK
_k342.54/Cou
_2ddc
999 _c35356
_d35356